Jamsa's C/C++/CĠprogrammer's bible : (Record no. 179401)
[ view plain ]
| 000 -LEADER | |
|---|---|
| fixed length control field | 01229 a2200277 4500 |
| 003 - CONTROL NUMBER IDENTIFIER | |
| control field | Nust |
| 005 - DATE AND TIME OF LATEST TRANSACTION | |
| control field | 20170207153124.0 |
| 010 ## - LIBRARY OF CONGRESS CONTROL NUMBER | |
| LC control number | 2003270846 |
| 020 ## - INTERNATIONAL STANDARD BOOK NUMBER | |
| International Standard Book Number | 0766846822 |
| 035 ## - SYSTEM CONTROL NUMBER | |
| System control number | (OCoLC)ocm48956950 |
| 040 ## - CATALOGING SOURCE | |
| Transcribing agency | Nust |
| 082 00 - DEWEY DECIMAL CLASSIFICATION NUMBER | |
| Classification number | 005.133 |
| 100 1# - MAIN ENTRY--PERSONAL NAME | |
| Personal name | Jamsa, Kris A. |
| 245 10 - TITLE STATEMENT | |
| Title | Jamsa's C/C++/CĠprogrammer's bible : |
| Remainder of title | the ultimate guide to C/C++/CĠprogramming / |
| Statement of responsibility, etc. | Kris Jamsa. |
| 246 30 - VARYING FORM OF TITLE | |
| Title proper/short title | C/C++/CĠprogrammer's bible |
| 250 ## - EDITION STATEMENT | |
| Edition statement | 2nd ed. |
| 260 ## - PUBLICATION, DISTRIBUTION, ETC. | |
| Place of publication, distribution, etc. | [Las Vegas, NV] : |
| Name of publisher, distributor, etc. | Onword Press, |
| Date of publication, distribution, etc. | c2002. |
| 300 ## - PHYSICAL DESCRIPTION | |
| Extent | xvi, 1199 p. : |
| Other physical details | ill. ; |
| Dimensions | 26 cm. + |
| Accompanying material | 1 CD-ROM (4 3/4 in.) |
| 500 ## - GENERAL NOTE | |
| General note | Includes index. |
| 505 ## - FORMATTED CONTENTS NOTE | |
| Formatted contents note | DOS And BIOS Services (Page-9), Memory Management (Page-52),Date And Time (Page-103), Programming Tools (Page-201), Advanced C (Page-315), Getting Started With C++ (Page-400), Objects (Page-488), Common Class Functions (Page-552), Dialog Boxes (Page-701), Windows Memory Management (Page-911), Processes And Threads (Page-1004), Bitmaps, Metafiles And Icons (Page-1431), Windows I/O (Page-1450). |
| 538 ## - SYSTEM DETAILS NOTE | |
| System details note | Almirah No.5 Shelf No.6 |
| 650 #0 - SUBJECT ADDED ENTRY--TOPICAL TERM | |
| Topical term or geographic name entry element | C (Computer program language) |
| 650 #0 - SUBJECT ADDED ENTRY--TOPICAL TERM | |
| Topical term or geographic name entry element | C++ (Computer program language) |
| 650 #0 - SUBJECT ADDED ENTRY--TOPICAL TERM | |
| Topical term or geographic name entry element | CĠ(Computer program language) |
| 700 1# - ADDED ENTRY--PERSONAL NAME | |
| Personal name | Jamsa, Kris A. |
| 942 ## - ADDED ENTRY ELEMENTS (KOHA) | |
| Source of classification or shelving scheme | |
| Koha item type | Book |
| Withdrawn status | Lost status | Source of classification or shelving scheme | Damaged status | Not for loan | Collection code | Permanent Location | Current Location | Date acquired | Total Checkouts | Full call number | Barcode | Date last seen | Price effective from | Koha item type |
|---|---|---|---|---|---|---|---|---|---|---|---|---|---|---|
| Military College of Signals (MCS) | Military College of Signals (MCS) | 12/12/2016 | 005.133 JAM | MCS27056 | 12/08/2016 | 12/12/2016 | Book |
